000 00378nam a2200109Ia 4500
008 171204s9999 xx 000 0 und d
245 _aWorking with the Emotional Investor: Financial Psychology for Wealth Managers:
245 _cChris White and Richard Koonce
260 _c2016
650 _xFINANCIAL MANAGEMENT 1-13
856 _uhttp://down.ebook777.com/046/9781440845123.pdf
999 _c345711
_d345711